| 000 | 01143pam a2200301 a 4500 | ||
|---|---|---|---|
| 999 |
_c2662 _d2662 |
||
| 001 | 1107209 | ||
| 003 | GBCCL | ||
| 005 | 20241126110435.0 | ||
| 008 | 930719s1993 caua j b 000 0 eng | ||
| 010 | _a 93026385 | ||
| 020 |
_a0830716408 (pbk.) : _c$8.99 |
||
| 040 |
_aDLC _cDLC _dDLC |
||
| 050 | 0 | 0 |
_aBV4509.5 _b.A55 1993 |
| 082 | 0 | 0 |
_a248.83 _220 _bAND |
| 100 | 1 |
_aAnderson, Neil T., _d1942- _93947 |
|
| 245 | 1 | 0 |
_aStomping out the darkness / _cNeil T. Anderson and Dave Park. |
| 260 |
_aVentura, Calif. : _bRegal Books, _cc1993. |
||
| 300 |
_a210 p. : _bill. ; _c21 cm. |
||
| 504 | _aIncludes bibliographical references. | ||
| 650 | 0 |
_aIdentification (Religion) _xJuvenile literature. _95607 |
|
| 650 | 0 |
_aJunior high school students _xReligious life. _95608 |
|
| 650 | 0 |
_aHigh school students _xReligious life. _95609 |
|
| 650 | 0 |
_aSpiritual life _xChristianity _xJuvenile literature. _95610 |
|
| 700 | 1 |
_aPark, David, _d1961- _95611 |
|
| 906 |
_a7 _bcbc _corignew _d1 _eocip _f19 _gy-gencatlg |
||
| 942 |
_2ddc _cBK _01 |
||